ՀՀ Գիտությունների ազգային ակադեմիայի հիմնարար գիտական գրադարան  =   Fundamental Scientific Library of NAS RA

Պատգամ. (Record no. 533273)

MARC details
000 -LEADER
fixed length control field 00798nam a2200217 a 4500
001 - CONTROL NUMBER
control field 1808251
003 - CONTROL NUMBER IDENTIFIER
control field AM-YEHGA
005 - DATE AND TIME OF LATEST TRANSACTION
control field 20260112151943.0
008 - FIXED-LENGTH DATA ELEMENTS--GENERAL INFORMATION
fixed length control field 211207s1940 le d|||gr|||| 00||||arm|d
040 ## - CATALOGING SOURCE
Original cataloging agency AM-YEHGA
041 0# - LANGUAGE CODE
Language code of text/sound track or separate title arm
245 00 - TITLE STATEMENT
Title Պատգամ.
260 ## - PUBLICATION, DISTRIBUTION, ETC.
Place of publication, distribution, etc. Պէյրութ - Լիբանան :
Name of publisher, distributor, etc. տպ. Նշան,
Date of publication, distribution, etc. 1940.
300 ## - PHYSICAL DESCRIPTION
Extent գիրք ;
Dimensions 20 սմ.
500 ## - GENERAL NOTE
General note Շարվ.՝ 17x11,2 սմ :
500 ## - GENERAL NOTE
General note Նկարագրված օրինակը տիտղթ. չունի : Նկարագրությունը կատարված է շապկից :
500 ## - GENERAL NOTE
General note Շապիկը՝ գծափակ :
505 10 - FORMATTED CONTENTS NOTE
Miscellaneous information Գ. Ա (1940, 38 էջ)
Title Աստուածաշունչը Աստուծոյ խօսքն է
650 14 - SUBJECT ADDED ENTRY--TOPICAL TERM
Topical term or geographic name entry element Քրիստոնեություն
General subdivision Հոգևոր խրատներ
942 ## - ADDED ENTRY ELEMENTS (KOHA)
Source of classification or shelving scheme Universal Decimal Classification
Koha item type Գրքեր / Books
Holdings
Withdrawn status Lost status Source of classification or shelving scheme Damaged status Not for loan Collection Home library Current library Date acquired Serial enumeration / chronology Total checkouts Full call number Barcode Date last seen Price effective from Koha item type Public note
    Universal Decimal Classification     Edgaryan Individual Collection Fundamental Scientific Library Fundamental Scientific Library 25/02/2025 Գ․ Ա   Էդգ/961 FL0689636 25/02/2025 25/02/2025 Գրքեր / Books ILL Non-Circ.
    Universal Decimal Classification     Zhamkochyan Individual collection Fundamental Scientific Library Fundamental Scientific Library 15/09/2025 Գ. Ա   Ժամ/1573 FL0694241 15/09/2025 08/10/2025 Գրքեր / Books ILL Non-Circ.


ՀՀ ԳԱԱ հիմնարար գիտական գրադարան
ՀՀ,Երևան 0019
Մարշալ Բաղրամյան 24/6
հեռախոս:(374-10) 52-47-50
Հետադարձ կապ

All site content, except where otherwise noted, is licensed under a
Creative Commons License